000 00424nam a2200181Ia 4500
001 19718
005 20260306172713.0
008 260306t1964||||xx |||||||||||||| ||spa||
041 _aESP
082 _a341
_bF84
100 _aFriedrich, Carl Joachim
_eAUT
245 0 _aLa filosofía del derecho
260 _c1964
300 _a443 páginas :
_c17 cm.
650 _aGEN
654 _aCDE
942 _cLIB
_dJUS
_fJUS
_2ddc
_n
999 _c19718
_d19718